2024 Worldwide Box Office - Statistics

General Stats
  • This quiz has been taken 29 times
  • The average score is 5 of 10
Answer Stats
Rank Movie Title Worldwide Box Office (USD) Distributor/Studio Genre % Correct
1 Inside Out 2 $1,698,831,782 Disney Family/Animation
88%
2 Deadpool & Wolverine $1,338,071,348 Disney Superhero/Comics
71%
3 Moana 2 $1,059,135,998 Disney Family/Animation
63%
5 Wicked $755,879,870 Universal Musical/Fantasy
58%
4 Despicable Me 4 $972,964,428 Universal Family/Animation
54%
7 Dune: Part Two $715,206,195 Warner Bros. Sci-Fi/Fantasy
50%
10 Sonic the Hedgehog 3 $489,615,622 Paramount Family/Video Game
50%
6 Mufasa: The Lion King $722,618,595 Disney Family/Musical
42%
9 Kung Fu Panda 4 $548,046,737 Universal Family/Animation
29%
8 Godzilla x Kong: The New Empire $572,505,338 Warner Bros. Sci-Fi/Monster
25%
No matching quizzes found
Score Distribution
Percent of People with Each Score
Percentile by Number Answered
Your Score History
You have not taken this quiz